| 000 | 00739nam a22002177a 4500 | ||
|---|---|---|---|
| 008 | 240312b |||||||| |||| 00| 0 eng d | ||
| 020 | _a0745002072. | ||
| 050 | _aHC79.I5G47 1988 | ||
| 100 |
_aGeorge ,Vic _952565 |
||
| 245 |
_aWealth,poverty and starvation; _ba world perspective. _cVic,George. |
||
| 300 |
_axi; _b234p, _c22cm. |
||
| 650 |
_vincome distribution; _952566 |
||
| 650 |
_vWealth, _97285 |
||
| 650 |
_xpoor, _948389 |
||
| 650 |
_veconomic development, _99273 |
||
| 650 |
_vdeveloping countries; _xincome distribution, _952567 |
||
| 650 |
_vdeveloping countries; _xwealth, _952569 |
||
| 650 |
_vdeveloping countries; _xpoor; _952570 |
||
| 650 |
_vdeveloping countries; _xeconomic conditions, _942639 |
||
| 942 |
_2lcc _cMONOGRAPH |
||
| 999 |
_c131841 _d131841 |
||